00480nam a2200193Ia 450000500170000000800410001702000150005808200210007310000150009424500520010926000300016130000150019165000130020665000130021965000090023265000110024165000180025265000160027020250210043623.0240331s9999 xx 000 0 und d a0745317332 bHOO25667a305.4 aBell Hooks 0aFeminism is For Everybody:bPassionate Politics aLondonbPluto Pressc2000 ax, 123 p., aFeminism aPolitics aRace aGender aSpiritualilty aMasculinity